Statistics for Wonky Word Clicking - X

Click here to take the quiz!

General Stats

  • This quiz has been taken 75 times
  • The average score is 7 of 15

Answer Stats

HintAnswer% Correct
X-ray
95%
Xanthum
66%
Xerox
63%
Xylophone
56%
Xebec
47%
Xenolith
47%
Xylotomous
44%
Xiphoid
41%
Xenial
41%
Xystus
39%
Xenograft
36%
Xeriscape
31%
Xanthippe
29%
Xoanon
24%
Xesturgy
17%

Score Distribution

Percentile by Number Answered

Percent of People with Each Score

Your Score History

You have not taken this quiz